000
00235nmm a2200085Ia 4500
008
220120s9999||||xx |||||||||||||||||und||
100
_a
LFY
_9
10674
245
0
_a
Anti-spam software : Developers , Newbies, funstuff updates.
260
_c
2008
999
_c
138594
_d
138594